| 000 | 00603nam a22001697a 4500 | ||
|---|---|---|---|
| 003 | PILC | ||
| 005 | 20250217120533.0 | ||
| 008 | 150604b xxu||||| |||| 00| 0 eng d | ||
| 050 |
_aQA 76.5 _b.As861 2010 |
||
| 100 | _aAsuncion, Neil Jorell Marcelo. | ||
| 245 |
_aComputerized billing system of integrated automotive services, inc. / _cneil Jorell Marcelo Asuncion. |
||
| 260 |
_aLas PiƱas City : _bSISC, _c2010. |
||
| 300 |
_av, 38 pages : _b illustrations ; _c28 cm. + _e1 CD. |
||
| 500 | _aIncludes bibliographical references and appendices. | ||
| 650 | _aManagement system. | ||
| 942 |
_2lcc _cTH _kLOC |
||
| 999 |
_c284735 _d284735 |
||